| 000 | 00333nam a2200145Ia 4500 | ||
|---|---|---|---|
| 008 | 230312s9999||||xx |||||||||||||| ||und|| | ||
| 020 | _a0-534-46441-x | ||
| 082 |
_a004 _bREF |
||
| 100 | _aKundert;John | ||
| 245 | 0 | _aMaya 5 | |
| 260 |
_bReaders Digest _aItaly _c2000 |
||
| 300 | _a383 | ||
| 650 |
_aComputer _vComputer |
||
| 942 | _cBK | ||
| 999 |
_c15446 _d15446 |
||